000 01041nam a22003257a 4500
003 CHAP
005 20220329141603.0
008 971013s1953 r 00010 d
010 _a70574
011 _a71546
035 _a81100
040 _cCHAP
090 _aFolleto 3692
100 0 0 _aEfferson, John Norman.
_935745
245 _aReport on venezualan rice experimental program for 1953
260 _aNew York ; IBEC Research Institute,
_c1953
300 _a38 p.
_b: ilus
490 _aIBEC Research Institute
_v; 3
590 _aBATCH-UPD
_b10
_c20130110
_lUCH01
_h0737
590 _aBATCH-UPD
_b10
_c20130410
_lUCH01
_h0419
590 _aBATCH-UPD
_b10
_c20130914
_lUCH01
_h0411
590 _aCONVERSION
_b10
_c20130109
_lUCH01
_h1339
650 1 4 _aArroz
_xIrrigación.
_97627
650 1 4 _aArroz
_xMalas hierbas
_xControl.
_97630
650 1 4 _aFertilizantes
_xEfecto en arroz.
_940479
830 _aIBEC Research Institute
_v; 3
_957215
901 _aBK
942 _cFOLL
949 _aFolleto 3692
_bBC
_cFOLL
_d-34270
_eTS1
_i81100
_mD
_si
999 _c70574
_d70574